000
00275nam a22001217a 4500
008
181101b xxu||||| |||| 00| 0 eng d
041
_a
eng
080
_a
540
100
_a
12
101
_a
KIM
245
_a
The Biosynthesis of Macromolecules
_c
Ingram,V.M
942
_2
udc
_c
BK
999
_c
51496
_d
51496